| 000 | 00536nam a2200193 a 4500 | ||
|---|---|---|---|
| 005 | 20240417063633.0 | ||
| 008 | 991125s1974 ag 000 0 spa u | ||
| 035 | _aUPN01000040255 | ||
| 049 | _aCG | ||
| 050 | 4 |
_aHQ728 _bC6.48 1974 |
|
| 100 | 1 | _aCooper, David | |
| 245 | 1 | 3 |
_aLa muerte de la familia / _cDavid Cooper ; tr. castellana de Silvia Costa. |
| 250 | _a3a ed. | ||
| 260 |
_aBuenos Aires : _bPaidós, _c1974. |
||
| 300 | _a172 p. | ||
| 440 | 0 |
_aBiblioteca mundo moderno ; _v61 |
|
| 650 | 4 |
_aFamilias _944286 |
|
| 905 | _aLibro | ||
| 999 |
_c40255 _d40255 |
||